00649nam a2200193Ia 4500008004100000020001400041082001400055100002400069245005700093250000700150260004500157300002900202500001900231600002100250650005000271942000700321952011200328999001500440240925s9999 xx 000 0 und d a134726634 a005.1 WIL aWilson ,Rodney C. 0aSoftware RX: secrets of engineering quality software aNA aNew Jersey:bPrintice- Hall Int.c,1997. axxvi,739p.bNAfOriginal aIncludes Index aComputer Science aComputer science, information & general works cBK 001040708SEaUITUbUITUd2000-07-28eNAg95.00l0o005.1 WILpQ2649r2024-09-25 07:12:52w2024-09-25yBK c5148d5148